1250 ejercicios y juegos en baloncesto / (Registro nro. 8856)

Detalles MARC
000 -LIDER
fixed length control field 01082nam a22003137a 4500
003 - IDENTIFICACDOR DE NÚMERO DE CONTROL
control field DO-SdBNP
005 - DATE AND TIME OF LATEST TRANSACTION
control field 20171113112233.0
008 - ELEMENTOS DE LONGITUD FIJA
fixed length control field 151120b 1998 sp xxu||||| |||| 00| 0 spa d
020 ## - ISBN
International Standard Book Number 8480190035 (v. III)
040 ## - FUENTE DE CATALOGACIÓN
Agencia que crea de manera original el registro BPMSU
Idioma de catalogación spa
Agencia que realiza la transcripción BPMSU
082 #4 - NÚMERO DE CLASIFICACIÓN DECIMAL DE DEWEY
Classification number 796.323
Item number O48m
100 1# - ASIENTO PRINCIPAL -- NOMBRE PERSONAL
Nombre personal Olivera Beltrán, Javier.
245 10 - MENCIÓN DE TITULO
Título 1250 ejercicios y juegos en baloncesto /
Mención de responsabilidad Javier Olivera Beltrán.
246 10 - VARIACION DEL TÍTULO
Título propiamente dicho o título corto Mil doscientos cincuenta ejercicios y juegos en baloncesto.
260 0# - PUBLICACIÓN, DISTRIBUCIÓN, ETC. (PIE DE IMPRENTA)
Lugar de publicación, distribución, etc Barcelona :
Nombre del editor, distribuidor, etc. Paidotribo,
Fecha de publicación, distribución, etc [1998].
300 ## - DESCRIPCIÓN FÍSICA
Extensión v. :
Otros detalles físicos il. ;
Dimensiones 22 cm.
490 1# - MENCIÓN DE SERIES
Mención de serie Deporte
500 ## - NOTA GENERAL
Nota general La biblioteca posee el v. 3
504 ## - NOTA DE BIBLIOGRAFÍA, ETC.
Bibliography, etc Bibliografía : p. 391-392
505 0# - NOTA DE CONTENIDO
Información miscelánea v. 1
Título Bases teóricas y metodológicas
505 0# - NOTA DE CONTENIDO
Información miscelánea v. 2
Título Los fundamentos del juego y la evaluación del jugador
505 0# - NOTA DE CONTENIDO
Información miscelánea v. 3
Título La construcción de las fases del juego y el entrenamiento.
650 #4 - ENCABEZAMIENTO DE MATERIA--TEMÁTICO
Término temático o nombre geográfico como elemento de entrada BALONCESTO
830 #0 - ASIENTO SECUNDARIO DE SERIE--TÍTULO UNIFORME
Título uniforme Deporte
910 ## - VALIDACIÓN
Validación Validado. Control de calidad MFF
942 ## - ADDED ENTRY ELEMENTS (KOHA)
Source of classification or shelving scheme Dewey Decimal Classification
Koha item type Libros
945 ## - INFORMACIÓN DE PROCESAMIENTO LOCAL
Información de procesamiento local Inventariado, 2017/MFF
956 ## - LOCAL ELECTRONIC LOCATION AND ACCESS (OCLC)
Nombre de host Lorenza Pérez
Número de acceso 10
Existencias
Withdrawn status Lost status Source of classification or shelving scheme Damaged status Not for loan Collection code Home library Current library Date acquired Source of acquisition Total Checkouts Full call number Barcode Date last seen Price effective from Koha item type
    Dewey Decimal Classification     Colección General Biblioteca Pública Metropolitana Salomé Ureña Biblioteca Pública Metropolitana Salomé Ureña 11/20/2015 Donación   796.323 O48m v.3 BPMSU15110428 11/20/2015 11/20/2015 Libros